000 00321nam a2200133 i 4500
001 bg
100 1 _aWINNICKI, Stanisław
245 0 _aTeoria i praktyka zarządzania kadrami /
_cS. Winnicki.
260 _aLublin,
_c1982.
040 _cBPK
041 _apol
942 _cKS
008 s pl f |000 0 pol
999 _c22350
_d22350
856 _uhttp://koha.tu.koszalin.pl/cgi-bin/koha/opac-detail.pl?biblionumber=22350
_yKatalog online BPK